Porte-avions des Etats-Unis - Statistiques

Statistiques générales
  • Ce quiz a été pris 275 fois
    142 depuis la dernière actualisation
  • Le résultat moyen est 41 sur 91
Statistiques - réponses
Hint Réponse % Correct
Classe {Gerald R. Ford}
88%
CVN-78 Gerald R. Ford
88%
Classe {John F. Kennedy}
76%
Classe {Nimitz}
76%
CV-67 John F. Kennedy
76%
CVN-79 John F. Kennedy
76%
CVN-68 Nimitz
76%
CVN-72 Abraham Lincoln
74%
CVN-77 George H. W. Bush
74%
CVN-83 George W. Bush
74%
CVB-42 Franklin D. Roosevelt
68%
CVN-73 George Washington
68%
CVN-71 Theodore Roosevelt
68%
Classe {Enterprise}
65%
CV-6 Enterprise
65%
CVN-65 Enterprise
65%
CVN-80 Enterprise
65%
CVN-69 Dwight D. Eisenhower
62%
Classe {Yorktown}
59%
CVN-75 Harry S. Truman
59%
CV-8 Hornet
59%
CV-12 Hornet
59%
CVN-76 Ronald Reagan
59%
CVN-82 William J. Clinton
59%
CV-5 Yorktown
59%
CV-10 Yorktown
59%
Classe {Essex}
56%
Classe {Langley}
56%
Classe {Lexington}
56%
CV-9 Essex
56%
{Essex} (longue proue)
56%
CV-1 Langley
56%
CVL-27 Langley
56%
CV-2 Lexington
56%
CV-16 Lexington
56%
Classe {Midway}
53%
Classe {Ranger}
53%
CVB-41 Midway
53%
CV-4 Ranger
53%
CV-61 Ranger
53%
CV-3 Saratoga
53%
CV-60 Saratoga
53%
CVN-70 Carl Vinson
50%
Classe {Forrestal}
50%
CV-59 Forrestal
50%
CVN-74 John C. Stennis
50%
CV-66 America
47%
CVN-81 Doris Miller
47%
Classe {Kitty Hawk}
44%
Classe {Wasp}
44%
CV-64 Constellation
44%
CV-63 Kitty Hawk
44%
CV-7 Wasp
44%
CV-18 Wasp
44%
CVL-24 Belleau Wood
41%
CV-13 Franklin
41%
CV-38 Shangri-La
41%
Classe {Independence}
38%
CVB-43 Coral Sea
38%
CVL-22 Independence
38%
CV-62 Independence
38%
CV-31 Bon Homme Richard
35%
CV-17 Bunker Hill
35%
CV-46 Iwo Jima
32%
Classe {United States}
29%
CV-40 Tarawa
29%
CV-14 Ticonderoga
29%
CVA-58 United States
29%
CV-20 Bennington
26%
CV-11 Intrepid
26%
CV-32 Leyte
26%
CV-47 Philippine Sea
26%
CV-45 Valley Forge
26%
CV-21 Boxer
21%
CVL-28 Cabot
21%
Classe {Saipan}
21%
CV-33 Kearsarge
21%
CVL-48 Saipan
21%
CV-15 Randolph
18%
CV-36 Antietam
15%
CVL-29 Bataan
15%
CV-19 Hancock
15%
CV-39 Lake Champlain
15%
CV-34 Oriskany
15%
CV-35 Reprisal
15%
CVL-30 San Jacinto
15%
CVL-49 Wright
15%
CVL-25 Cowpens
12%
CVL-26 Monterey
12%
CVL-23 Princeton
12%
CV-37 Princeton
12%
Aucun quiz correspondant
Distribution des résultats
% des personnes avec chaque résultat
Percentile par nombre de réponses
Votre historique - résultats
Vous n’avez pas pris ce quiz depuis la dernière actualisation